| 000 | 01140nam a22002537a 4500 | ||
|---|---|---|---|
| 005 | 20100910150449.0 | ||
| 008 | 100910t xxu||||| |||| 00| 0 hin d | ||
| 010 | _aHIN-90475 | ||
| 020 |
_c180.00 _a9788190828772 |
||
| 035 | _aHN-62821 | ||
| 037 | _bDBAD / PUB | ||
| 040 | b |
_aDPL _bHN |
|
| 082 | _a821 | ||
| 100 |
_919362 _aचितौड़िया, हरीराम |
||
| 245 |
_aजागी अरे ! इंसानः _cहरीराम चितौड़िया _bगीत संग्रह / |
||
| 260 |
_aदिल्ली _bलोकहित प्रकाशन _c2010 |
||
| 270 |
_bदिल्ली _aडी-585/12, गली नं.2, अशोक नगर, वजीराबाद रोड, शाहदरा _e110093 |
||
| 300 |
_a104पृ. _c22सेमी (सजिल्द) |
||
| 650 |
_91169 _aहिन्दी कविता |
||
| 700 | _919359 | ||
| 700 | _919788 | ||
| 942 |
_2ddc _cHN _mचितौड़ि _h821 |
||
| 999 |
_c45733 _d45733 |
||